La Duquesa de Alba y su tiempo / (Record no. 34387)
[ view plain ]
| 000 -LEADER | |
|---|---|
| campo de control de longitud fija | 00919nam a2200229 i 4500 |
| 001 - NÚMERO DE CONTROL | |
| campo de control | 34387 |
| 003 - IDENTIFICADOR DE NÚMERO DE CONTROL | |
| campo de control | ES-MaACL |
| 005 - FECHA Y HORA DE LA ÚLTIMA TRANSACCIÓN | |
| campo de control | 20250129092358.0 |
| 007 - CAMPO FIJO DE DESCRIPCIÓN FÍSICA--INFORMACIÓN GENERAL | |
| campo de control de longitud fija | t| |
| 008 - DATOS DE LONGITUD FIJA--INFORMACIÓN GENERAL | |
| campo de control de longitud fija | 030207s1949 sp af |||| |bspa d |
| 080 ## - NÚMERO DE LA CLASIFICACIÓN DECIMAL UNIVERSAL | |
| Número de la Clasificación Decimal Universal | 929 Alba, María del Pilar Teresa Cayetana de Silva y Álvarez de Toledo, Duquesa de |
| 100 1# - ENTRADA PRINCIPAL--NOMBRE DE PERSONA | |
| Nombre de persona | Blanco Soler, C., |
| Fechas asociadas al nombre | 1894-1962 |
| 9 (RLIN) | 29295 |
| 245 13 - MENCIÓN DEL TÍTULO | |
| Título | La Duquesa de Alba y su tiempo / |
| Mención de responsabilidad, etc. | Carlos Blanco Soler, Piga Pascual, Pérez Petinto ; [prólogo del Duque de Alba]. |
| 250 ## - MENCION DE EDICION | |
| Mención de edición | 1ª ed. |
| 260 ## - PUBLICACIÓN, DISTRIBUCIÓN, ETC. | |
| Lugar de publicación, distribución, etc. | Madrid : |
| Nombre del editor, distribuidor, etc. | [s.n.], |
| Fecha de publicación, distribución, etc. | 1949 ( |
| Fabricante | Tall. Gráfs. Marisal) |
| 300 ## - DESCRIPCIÓN FÍSICA | |
| Extensión | XI, 211 p., 18 lám. : |
| Otras características físicas | il. ; |
| Dimensiones | 27 cm. |
| 600 14 - PUNTO DE ACCESO ADICIONAL DE MATERIA--NOMBRE DE PERSONA | |
| Nombre de persona | Alba, María del Pilar Teresa Cayetana de Silva y Álvarez de Toledo |
| Títulos y otros términos asociados al nombre | Duquesa de. |
| 9 (RLIN) | 162946 |
| 700 1# - ENTRADA AGREGADA--NOMBRE PERSONAL | |
| Nombre de persona | Piga y Pascual, Antonio. |
| 9 (RLIN) | 91988 |
| 700 1# - ENTRADA AGREGADA--NOMBRE PERSONAL | |
| Nombre de persona | Pérez de Petinto y Bertomeu, Manuel. |
| 9 (RLIN) | 90803 |
| 852 ## - LOCALIZACIÓN | |
| Ubicación | ES-MaACL |
| Número de control de estantería | D-7067 |
| Estatus retirado | Estado de pérdida | Estado de daño | No para préstamo | Biblioteca de origen | Biblioteca actual | Ubicación en estantería | Fecha de adquisición | Fuente de adquisición | Total de préstamos | Signatura topográfica completa | Código de barras | Visto por última vez | Precio de reemplazo | Tipo de ítem Koha |
|---|---|---|---|---|---|---|---|---|---|---|---|---|---|---|
| Biblioteca del Ateneo de Madrid | Biblioteca del Ateneo de Madrid | Sala Valle Inclán | 17/01/2008 | D-7067 | 901035865 | 23/02/2023 | 23/02/2023 | Libro impreso |
